<?xml version="1.0" encoding="UTF-8"?>
<record
    xmlns:xsi="http://www.w3.org/2001/XMLSchema-instance"
    xsi:schemaLocation="http://www.loc.gov/MARC21/slim http://www.loc.gov/standards/marcxml/schema/MARC21slim.xsd"
    xmlns="http://www.loc.gov/MARC21/slim">

  <leader>00663nam a22001817a 4500</leader>
  <controlfield tag="003">UA-OsUOA</controlfield>
  <controlfield tag="001"> 10969 </controlfield>
  <controlfield tag="007">ta</controlfield>
  <controlfield tag="008">20050126b un ||||| |||| 00| 0 ukr d</controlfield>
  <datafield tag="100" ind1=" " ind2=" ">
    <subfield code="a">&#x414;&#x456;&#x442;&#x44C;&#x43A;&#x43E;&#x432;&#x430; &#x421;.</subfield>
  </datafield>
  <datafield tag="942" ind1=" " ind2=" ">
    <subfield code="c">SA</subfield>
  </datafield>
  <datafield tag="040" ind1=" " ind2=" ">
    <subfield code="a">UA-OsUOA</subfield>
    <subfield code="c">UA-OsUOA</subfield>
    <subfield code="d">UA-OsUOA</subfield>
  </datafield>
  <datafield tag="245" ind1=" " ind2=" ">
    <subfield code="a">&#x411;&#x456;&#x431;&#x43B;&#x456;&#x439;&#x43D;&#x456; &#x430;&#x43B;&#x44E;&#x437;&#x456;&#x457; &#x432; &#x442;&#x440;&#x430;&#x433;&#x435;&#x434;&#x456;&#x457; &#x412;&#x456;&#x43B;&#x44C;&#x44F;&#x43C;&#x430; &#x428;&#x435;&#x43A;&#x441;&#x43F;&#x456;&#x440;&#x430; "&#x413;&#x430;&#x43C;&#x43B;&#x435;&#x442;"</subfield>
  </datafield>
  <datafield tag="300" ind1=" " ind2=" ">
    <subfield code="a">&#x421;.2-11</subfield>
  </datafield>
  <datafield tag="955" ind1=" " ind2=" ">
    <subfield code="a">0</subfield>
  </datafield>
  <datafield tag="773" ind1="0" ind2=" ">
    <subfield code="w">0</subfield>
    <subfield code="t">&#x412;&#x441;&#x435;&#x441;&#x432;&#x456;&#x442;&#x43D;&#x44F; &#x43B;&#x456;&#x442;&#x435;&#x440;&#x430;&#x442;&#x443;&#x440;&#x430; &#x442;&#x430; &#x43A;&#x443;&#x43B;&#x44C;&#x442;&#x443;&#x440;&#x430; &#x432; &#x43D;&#x430;&#x432;&#x447;&#x430;&#x43B;&#x44C;&#x43D;&#x438;&#x445; &#x437;&#x430;&#x43A;&#x43B;&#x430;&#x434;&#x430;&#x445; &#x423;&#x43A;&#x440;&#x430;&#x457;&#x43D;&#x438;</subfield>
    <subfield code="d">&#x41A;&#x438;&#x457;&#x432;</subfield>
    <subfield code="d">2005</subfield>
    <subfield code="g">&#x2116;1</subfield>
  </datafield>
  <datafield tag="650" ind1=" " ind2="7">
    <subfield code="a">&#x410;&#x43D;&#x433;&#x43B;&#x456;&#x439;&#x441;&#x44C;&#x43A;&#x435; &#x43B;&#x456;&#x442;&#x435;&#x440;&#x430;&#x442;&#x443;&#x440;&#x43E;&#x437;&#x43D;&#x430;&#x432;&#x441;&#x442;&#x432;&#x43E;</subfield>
    <subfield code="2">UDC</subfield>
  </datafield>
  <datafield tag="999" ind1=" " ind2=" ">
    <subfield code="c">297130</subfield>
    <subfield code="d">297130</subfield>
  </datafield>
</record>
